000 00889cam a2200277 4500
008 090401t1997 xxu||||| |||| 00| 0 eng d
020 _a0632040289
035 _a(Sirsi) u55037
041 _aeng
050 _a658.1552
100 _aFlanagan, Roger
245 _aCost control in building design: an interactive learning text.
260 _aOxford
_bBlackwell Science
_c1997
300 _a322p. : ill. ; 25cm.
350 _a14.99
520 _aA student textbook in the form of a programmed text which explores all aspects of cost control in construction projects. Includes many worked examples.
650 _aBUILT ENVIRONMENT-CONSTRUCTION DESIGN
650 _aBUILDING PROJECTS
650 _aCONSTRUCTION INDUSTRY
650 _aCOST CONTROL
650 _aCOST PLANNING
690 _aBUILT ENVIRONMENT
700 _aTate, Brian
942 _n0
948 _c04/03/1997
999 _c93543
_d93543